GIMKIT: A GAMIFICATION TEACHING APPROACH FOR MEASURING DIGITAL LEARNING ASSESSMENT/ (Record no. 611071)
[ view plain ]
| 000 -LEADER | |
|---|---|
| fixed length control field | 00592nam a22001697a 4500 |
| 003 - CONTROL NUMBER IDENTIFIER | |
| control field | NUST |
| 038 ## - RECORD CONTENT LICENSOR | |
| Staff Name | Nusrat Nadeem |
| 082 ## - DEWEY DECIMAL CLASSIFICATION NUMBER | |
| Classification number | 200 |
| 100 ## - MAIN ENTRY--PERSONAL NAME | |
| Personal name | Shafique, Khadija |
| 245 ## - TITLE STATEMENT | |
| Title | GIMKIT: A GAMIFICATION TEACHING APPROACH FOR MEASURING DIGITAL LEARNING ASSESSMENT/ |
| Statement of responsibility, etc. | Khadija Shafique, |
| 264 ## - PRODUCTION, PUBLICATION, DISTRIBUTION, MANUFACTURE, AND COPYRIGHT NOTICE | |
| Place of production, publication, distribution, manufacture | Islamabad; |
| Name of producer, publisher, distributor, manufacturer | SEECS NUST; |
| Date of production, publication, distribution, manufacture, or copyright notice | 2024. |
| 300 ## - PHYSICAL DESCRIPTION | |
| Extent | 62,p; |
| Other physical details | ill; |
| Dimensions | 30,cm. |
| 650 ## - SUBJECT ADDED ENTRY--TOPICAL TERM | |
| Topical term or geographic name entry element | MS- Innovative Technologies in Learning (ITL) |
| 700 ## - ADDED ENTRY--PERSONAL NAME | |
| Personal name | Supervisor: Dr.Tahira Anwer Lashari |
| 856 ## - ELECTRONIC LOCATION AND ACCESS | |
| Uniform Resource Identifier | <a href="http://10.250.8.41:8080/xmlui/handle/123456789/45386">http://10.250.8.41:8080/xmlui/handle/123456789/45386</a> |
| 942 ## - ADDED ENTRY ELEMENTS (KOHA) | |
| Source of classification or shelving scheme | |
| Koha item type | Soft Copy |
| Withdrawn status | Permanent Location | Current Location | Shelving location | Date acquired | Full call number | Barcode | Koha item type |
|---|---|---|---|---|---|---|---|
| Central Library (CL) | Central Library (CL) | Thesis | 08/23/2024 | 200 | CL-T-7239 | Soft Copy |
